| 000 | 00716nam a2200241 a 4500 | ||
|---|---|---|---|
| 001 | 522 | ||
| 003 | BR-CuiBMT | ||
| 005 | 20231129055731.0 | ||
| 008 | 231108s2015 mgb 000 0 por d | ||
| 020 | _a9788545000709 | ||
| 040 |
_aBR-CuiBMT _cBR-CuiBMT |
||
| 080 |
_22007 _a342.9 |
||
| 090 |
_a342.9 _bB624m _c6. ed. |
||
| 100 | 1 |
_aBittencourt, Marcus Vinicius Corrêa, _d1970- |
|
| 245 | 1 | 0 |
_aManual de direito administrativo / _cMarcus Vinicius Corrêa Bittencourt. |
| 250 | _a6. ed. | ||
| 260 |
_aBelo Horizonte : _bFórum, _c2015. |
||
| 300 |
_a215 p. ; _c22 cm |
||
| 504 | _aInclui bibliografia. | ||
| 650 |
_aDireito administrativo _zBrasil |
||
| 650 |
_aAdministração pública _zBrasil |
||
| 942 |
_2udc _cLV |
||
| 999 |
_c522 _d522 |
||